000 01612cam a22004097a 4500
001 000093865
003 CHAP
005 20230608062645.0
008 050524d2004 mx d r 00110 spa d
010 _a90331
011 _a91303
020 _a9680200604
035 _a101861
040 _cCHAP
082 0 4 _a338.18
_bS2 2004
245 0 0 _aEl campo aguanta más? /
_ccoord. por Rita Schwentesius Rindermann [y otros].
250 _a2 ed. (corr. y aum.)
260 _aChapingo, Méx. :
_bUACH. Centro de Investigaciones Económicas, Sociales y Tecnológicas de la Agroindustria y la Agricultura Mundial,
_c2004.
300 _a263 p. :
_bgráfs. ; cuadros.
590 _aBATCH-UPD
_b10
_c20130110
_lUCH01
_h1236
590 _aBATCH-UPD
_b10
_c20130410
_lUCH01
_h0804
590 _aBATCH-UPD
_b10
_c20130914
_lUCH01
_h0317
590 _aCONVERSION
_b10
_c20130109
_lUCH01
_h1350
590 _aE5995AHE
_b05
_c20150220
_lUCH01
_h0849
590 _aE5995AHE
_b05
_c20150220
_lUCH01
_h0849
650 1 4 _aAgricultura y Estado
_xMéxico.
_92054
650 1 4 _aAgricultura
_xAspectos economicos
_xMetodos estadisticos.
_91270
650 1 4 _aPolítica agrícola
_zMéxico.
700 1 0 _aSchwentesius Rindermann, Rita
_e, coord.
_9103302
901 _aBK
905 _aMarco A. Mendoza T.
942 _cLIBRO
942 _n0
949 _a338.18 S2 2004
_bBC
_cLIBRO
_d33724000974374
_eLIBRO
_fc.2
_gDonaciØn
_h106083
_i101861
_si
_t$100.00
949 _a338.18 S2 2004
_bBC
_cLIBRO
_d33724002029553
_eLIBRO
_fc.3
_gDonaciØn
_h108532
_i101861
_sb
_t$100.00
949 _a338.18 S2 2004
_bBC
_cUACH
_d101861
_eUACH
_gDonaciØn
_h105824
_i101861
_sb
999 _c90331
_d90331